000 00466nam a2200181Ia 4500
001 15214
005 20260306165011.0
008 260306t2017||||xx |||||||||||||| ||spa||
041 _aESP
082 _a530.078
_bG45
100 _aGil, Salvador
_eAUT
245 0 _aExperimentos de física:
_busando las TIC y elementos de bajo costo
260 _c2017
300 _axxiii, 765 páginas :
_c23 cm.
650 _aGEN
654 _aCCN
942 _cLIB
_dJUS
_fJUS
_2ddc
_n
999 _c15214
_d15214